• 首页
  • 本馆介绍
  • 公告通知
  • 最新文献
  • 馆藏检索
  • 电子资源
  • 读者导购
  • 参考咨询
  • 我的图书馆
  • 登录
  • 详细信息显示
  • 放入我的书架
  • 预约/预借图书
  • 作者相关作品
  • 分类相关作品
  • 丛书相关作品
  • 出版社相关作品

书目信息

  • 表格格式
  • 工作单格式
  • 卡片格式
题名:
管工
    
 
作者: ;陕西省建筑工程局《管工》编写组 编
分册:  
出版信息: 北京   中国建筑工业出版社  1973
页数: 235页
开本: 19cm
丛书名: 安装工人技术学习丛书
单 册:
中图分类: TU81
科图分类:
主题词: 管道施工 , 房屋建筑设备--管道
电子资源:
ISBN:
000 00772nam2 2200265 45 980
001 0639536848
005 20060728084203.53
010    @dCNY0.49
091    @a15040.3130
100    @a19970526d1973 em y0chiy0121 ea
101 0  @achi
102    @aCN@b110000
105    @afk z 000yy
106    @ar
200 10 @a管工@Aguan gong@f陕西省建筑工程局《管工》编写组编
210    @a北京@c中国建筑工业出版社@d1973
215    @a235页@c表,图@d19cm
225 2  @a安装工人技术学习丛书
410  0 @1 20010@a安装工人技术学习丛书
606    @a管道施工
606 0  @a房屋建筑设备@x管道
690    @aTU81@v3
711 02 @a陕西省建筑工程局《管工》编写组@4编@Ashan xi sheng jian zhu gong cheng ju《 guan gong》 bian xie zu
801 0  @c20060728
905    @a10447@dTU81@e247
    
    管工/陕西省建筑工程局《管工》编写组编 .-北京:中国建筑工业出版社,1973
    235页:表,图;19cm .-(安装工人技术学习丛书 )
    
    
    ISBN :CNY0.49
    
●
相关链接 在E读中查询图书 在五车中查询图书 在当当中查询图书 在豆瓣中查询图书


正题名:管工     索取号:TU81/247         预约/预借

序号 登录号 条形码 馆藏地/架位号 状态 备注
1 0438753   204387537   密集书库/ [索取号:TU81/247] 在馆    
2 0438766   204387662   密集书库/ [索取号:TU81/247] 在馆    
唐山师范学院图书馆 欢迎您!
大连网信软件有限公司© 版权所有